Statistics for 100 Small Isolated Cities on the World Map

Click here to take the quiz!

General Stats

  • This quiz has been taken 176 times
  • The average score is 18 of 100

Answer Stats

City % Correct
Nuuk
87%
Apia
67%
Juneau
67%
Suva
62%
Alice Springs
62%
Victoria
60%
Saint John's
59%
Port Vila
57%
Honiara
57%
Funafuti
56%
Tarawa
56%
Nuku'alofa
56%
Majuro
46%
Tromso
44%
Yellowknife
43%
Stanley
38%
Nome
35%
Barrow
35%
Longyearbyen
31%
Edinburgh of the Seven Seas
31%
Thunder Bay
31%
Iqaluit
29%
Faaa
27%
Noumea
26%
Georgetown
21%
Magadan
20%
Broome
20%
Kalgoorlie
20%
Ponta Delgada
19%
Jamestown
19%
Saint George's
18%
Koror State
18%
McMurdo Station
18%
Mount Isa
17%
Anadyr
17%
Adamstown
17%
Happy Valley-Goose Bay
16%
Kingston
16%
Grytviken
16%
Hanga Roa
15%
Weno
14%
Avarua
14%
Saipan
13%
Port Hedland
13%
Port-aux-Francais
13%
Dutch Harbor
12%
Bethel
11%
West Island
11%
Inuvik
11%
Waitangi
11%
Vorkuta
11%
Carnarvon
11%
Dikson
10%
Rankin Inlet
10%
Tamanrasset
9%
Tennant Creek
8%
Puerto Ayora
8%
Gjoa Haven
7%
Nhulunbuy
7%
Al Jawf
7%
Tiksi
7%
Thompson
7%
Tasiilaq
7%
Okhotsk
7%
Olonkinbyen
7%
Rikitea
7%
Tabwakea Village
6%
Mirny
6%
Qaqortoq
6%
Kolonia
6%
Hovd
6%
Colonia
6%
Dakhla
6%
Atuona
5%
Kugluktuk
5%
Weipa
5%
Rundu
5%
Clyde River
5%
Arawa
5%
Bilibino
5%
Port Mathurin
5%
Norman Wells
5%
Antsiranana
5%
Alofi
4%
Tofol
4%
Moerai
4%
Ust-Nera
3%
Tura
3%
Aozou
3%
Neryungri
3%
Ebaye
3%
Arijejen
3%
Cargados Carajos
2%
Taoudenni
2%
Khatanga
2%
Batagay
2%
Fuvahmulah
2%
Qamdo
2%
Atafu Village
1%
Bilma
1%

Score Distribution

Percentile by Number Answered

Percent of People with Each Score

Your Score History

You have not taken this quiz